00910nam a2200193 i 4500001000300000245024600003260004100249300002900290650004700319655002900366700003100395710010100426020001500527040000800542041000700550080002000557008004100577856009800618bg00aMechanizmy i uwarunkowania ekorozwoju :binterdyscyplinarna konferencja naukowa, Białystok 14-16 listopada 1996 /cred. nauk. Stanisław Wrzosek ; Politechnika Białostocka. Katedra Ekonomiki i Zarządzania Ochroną Środowiska. - T.n3. aBiałystok :bPB. KEiZOŚ,c[1996]. a131 s. :brys. ;c23 cm. 9aŚrodowisko człowiekaxhigiena i ochrona aMateriały konferencyjne1 aWRZOSEK, Stanisław.eRed. 0aPOLITECHNIKA BIAŁOSTOCKA (Białystok)bKatedra Ekonomiki i Zarządzania Ochroną Środowiska a8390556324 cBPK0 apl a504(438)(061.3) s pl f |000 0 pol  uhttp://koha.tu.koszalin.pl/cgi-bin/koha/opac-detail.pl?biblionumber=33082yKatalog online BPK